Every Grass Type Pokémon - Statistics

General Stats
  • This quiz has been taken 13 times
  • The average score is 84 of 130
Answer Stats
Debut Region Pokédex Number Pokémon % Correct
Kanto 001 Bulbasaur
100%
153 Bayleef
89%
182 Bellossom
89%
069 Bellsprout
89%
Johto 152 Chikorita
89%
044 Gloom
89%
253 Grovyle
89%
002 Ivysaur
89%
154 Meganium
89%
043 Oddish
89%
Hoenn 252 Treecko
89%
Sinnoh 387 Turtwig
89%
003 Venusaur
89%
071 Victreebel
89%
045 Vileplume
89%
070 Weepinbell
89%
251 Celebi
78%
652 Chesnaught
78%
Kalos 650 Chespin
78%
723 Dartrix
78%
102 Exeggcute
78%
103 Exeggutor
78%
388 Grotle
78%
Alola 722 Rowlet
78%
254 Sceptile
78%
497 Serperior
78%
496 Servine
78%
275 Shiftry
78%
Unova 495 Snivy
78%
114 Tangela
78%
389 Torterra
78%
591 Amoonguss
67%
761 Bounsweet
67%
286 Breloom
67%
986 Brute Bonnet
67%
406 Budew
67%
331 Cacnea
67%
332 Cacturne
67%
455 Carnivine
67%
421 Cherrim
67%
420 Cherubi
67%
346 Cradily
67%
724 Decidueye
67%
907 Floragato
67%
590 Foongus
67%
673 Gogoat
67%
Galar 810 Grookey
67%
187 Hoppip
67%
1010 Iron Leaves
67%
189 Jumpluff
67%
542 Leavanny
67%
345 Lileep
67%
556 Maractus
67%
908 Meowscarada
67%
274 Nuzleaf
67%
046 Paras
67%
047 Parasect
67%
651 Quilladin
67%
812 Rillaboom
67%
315 Roselia
67%
407 Roserade
67%
273 Seedot
67%
540 Sewaddle
67%
492 Shaymin
67%
285 Shroomish
67%
672 Skiddo
67%
188 Skiploom
67%
Paldea 906 Sprigatito
67%
762 Steenee
67%
192 Sunflora
67%
191 Sunkern
67%
541 Swadloon
67%
465 Tangrowth
67%
811 Thwackey
67%
357 Tropius
67%
763 Tsareena
67%
640 Virizion
67%
842 Appletun
56%
840 Applin
56%
930 Arboliva
56%
947 Brambleghast
56%
946 Bramblin
56%
951 Capsakid
56%
546 Cottonee
56%
585 Deerling
56%
1011 Dipplin
56%
929 Dolliv
56%
830 Eldegoss
56%
841 Flapple
56%
753 Fomantis
56%
829 Gossifleur
56%
1019 Hydrapple
56%
798 Kartana
56%
549 Lilligant
56%
271 Lombre
56%
270 Lotad
56%
272 Ludicolo
56%
754 Lurantis
56%
755 Morelull
56%
1017 Ogerpon
56%
511 Pansage
56%
548 Petilil
56%
1012 Poltchageist
56%
479 Rotom (Mow)
56%
586 Sawsbuck
56%
952 Scovillain
56%
756 Shiinotic
56%
512 Simisage
56%
1013 Sinistcha
56%
928 Smoliv
56%
787 Tapu Bulu
56%
547 Whimsicott
56%
413 Wormadam (Plant Cloak)
56%
460 Abomasnow
44%
898 Calyrex
44%
781 Dhelmise
44%
101 Electrode (Hisuian)
44%
597 Ferroseed
44%
711 Gourgeist
44%
470 Leafeon
44%
708 Phantump
44%
710 Pumpkaboo
44%
459 Snover
44%
948 Toedscool
44%
949 Toedscruel
44%
709 Trevenant
44%
100 Voltorb (Hisuian)
44%
1001 Wo-Chien
44%
893 Zarude
44%
598 Ferrothorn
11%
No matching quizzes found
Score Distribution
Percent of People with Each Score
Percentile by Number Answered
Your Score History
You have not taken this quiz